Voorspraak (Record no. 796201)

MARC details
000 -LEADER
fixed length control field 00429nam a22001817a 4500
003 - CONTROL NUMBER IDENTIFIER
control field 330010
005 - DATE AND TIME OF LATEST TRANSACTION
control field 20260409141852.0
008 - FIXED-LENGTH DATA ELEMENTS--GENERAL INFORMATION
fixed length control field 260409b sa ||||| |||| 00| 0 eng d
020 ## - INTERNATIONAL STANDARD BOOK NUMBER
International Standard Book Number <a href="9780624017981">9780624017981</a>
Qualifying information (pbk)
040 ## - CATALOGING SOURCE
Transcribing agency 3228
041 ## - LANGUAGE CODE
Language English
082 #0 - DEWEY DECIMAL CLASSIFICATION NUMBER
Classification number 839.361 VOO
942 ## - ADDED ENTRY ELEMENTS
Creator ID 190
Creator Name Dudu Mondlane
Modifier ID 190
Modifier Name Dudu Mondlane
245 ## - TITLE STATEMENT
Title Voorspraak
250 ## - EDITION STATEMENT
Edition statement 1st Ed.
260 ## - PUBLICATION, DISTRIBUTION, ETC.
Place of publication, distribution, etc. Kaapstad
Name of publisher, distributor, etc. Tafelberg-Uitgewers Beperk
Date of publication, distribution, etc. 1982
300 ## - PHYSICAL DESCRIPTION
Extent 178 pages
Dimensions 21 cm
942 ## - ADDED ENTRY ELEMENTS
Source of classification or shelving scheme Dewey Decimal Classification
item type Book
Holdings
Withdrawn status Lost status Source of classification or shelving scheme Damaged status Not for loan Collection code Home library Current library Shelving location Date acquired Total Checkouts Full call number Barcode Date last seen Price effective from item type
    Dewey Decimal Classification     800: Literature Kanyamazane Kanyamazane Non Fiction 09.04.2026   839.361 VOO 3322810057866 09.04.2026 09.04.2026 Book